000 00844nab a22002537a 4500
007 ta
008 240607e20240603xxk||||o |||| 00| 0 eng d
041 _aeng
100 _aLemen, Jen
110 _94900
_aRoyal Institution of Chartered Surveyors
245 _aAn A–Z of lease terms for APC
_c[electronic resource]
260 _bRoyal Institution of Chartered Surveyors,
_c31 May 2024
490 _aRICS Property Journal,
_v31 May 2024
650 _aAPC
650 _aCOMMERCIAL PROPERTY
650 _aLANDLORD AND TENANT
650 _aLANDLORD AND TENANT 1954
650 _aLEASES
650 _aRESIDENTIAL PROPERTY
651 _aUnited Kingdom
690 _aLandlord and tenant
_96252
700 _aLemen, Jen
856 _uhttps://ww3.rics.org/uk/en/journals/property-journal/lease-terms-apc.html
_zAvailable from RICS journals
999 _c121950
_d121950